000 00642nam a22001937a 4500
999 _c194259
_d194259
005 20221212153629.0
010 _aUR-11792
020 _a9789392496974
_c107.00
035 _aU-10347
037 _bDBAD/PUB
_a-
082 _aک
100 _aیاسمین اختر
245 _aلمحے :
_bافسانچوں کا مجموعہ /
_cیاسمین اختر
_hا ر د و
246 _aLamhey (a collection of Afchanchey) /
_bby Yasmin Akhtar
260 _aNew Delhi
_bEducational Publishing House
_c2021 ء
270 _aH.o. D1/16, Ansari Road, Darya Ganj
_bNew Delhi
_e110002
300 _a160 ص
_c23cm(Hb)
942 _2ddc
_cUR
_mی ا س
_hک